Populačné štúdie Slovenska 7

Bibliographic Details
Other Authors: Šprochová, Terézia (Editor), Vargová, Lenka (Editor)
Format: Book
Language:Slovak
PhysicalDescription:156 s. fotogr., grafy, tab. 21 cm
Published: Bratislava Muzeológia a kultúrne dedičstvo 2015
ISBN:9788097171599 (brož.)
Edition:1. vyd.
Subjects:

MARC

LEADER 00000nam a2200000 a 4500
001 vtls011426430
003 SK-MaSNL
005 20260425233132.0
008 160610s2015 xo oda f n 000 0 slo
015 |a SNBA2015/12 
020 |a 9788097171599 (brož.) 
035 |a 4A4B1074-061C-4C7D-8BA6-24F7FB17C48B 
035 |a urn:nbn:sk:snk-aml9a0 
035 |a urn:nbn:sk:snk-am008rr4 
040 |a SNK  |b slo  |c SNK  |e AACR2 
041 0 |a slo  |b eng 
043 |a e-xo--- 
044 |a xo  |c SK 
072 7 |a 314  |x Demografia. Populácia  |2 konspekt 
080 |a 314.113  |2 2001 
080 |a 364-787.24  |2 2001 
080 |a 36  |2 2001 
080 |a (437.6)  |2 2001 
080 |a (048.8)  |2 2001 
080 |a 314.116  |2 2001 
080 |a 314.12  |2 2001 
245 0 0 |a Populačné štúdie Slovenska 7  |c Pavol Tišliar, Terézia Šprochová, Lenka Vargová (eds.) 
250 |a 1. vyd. 
260 |a Bratislava  |b Muzeológia a kultúrne dedičstvo  |c 2015 
300 |a 156 s.  |b fotogr., grafy, tab.  |c 21 cm 
504 |a Bibliogr. ; bibliogr. odkazy ; pozn. 
546 |a Res. angl. 
648 7 |a 17.-21. stor.  |2 SNKPH  |9 418166 
648 7 |a 17th-21st centuries  |2 SNKPHeng  |9 312920 
650 0 7 |a populačná politika  |2 SNKPH  |9 49922 
650 0 7 |a rodinná politika  |2 SNKPH  |9 3722 
650 0 7 |a sociálna politika  |2 SNKPH  |9 2333 
650 0 7 |a Population policy  |2 SNKPHeng  |9 437857 
650 0 7 |a Family policy  |2 SNKPHeng  |9 315103 
650 0 7 |a Social policy  |2 SNKPHeng  |9 310357 
650 0 7 |a pôrodnosť  |2 SNKPH  |9 16603 
650 0 7 |a Natality  |2 SNKPHeng  |9 364373 
651 7 |a Slovensko  |2 SNKPHgeo  |9 14231 
651 7 |a Slovakia  |2 SNKPHeng  |9 92630 
655 7 |a štúdie  |2 SNKPH  |9 57033 
655 7 |a Studies  |2 SNKPHeng  |9 265573 
700 1 |a Šprochová, Terézia  |4 edt  |9 429203 
700 1 |a Vargová, Lenka  |4 edt  |9 429204 
919 |a 978-80-971715-9-9 
958 |a NB 
999 |c 757635  |d 759565 
952 |a SNK  |b SNK  |y PREZ  |7 0  |p 17A1175893  |o snkSC 167254  |i snk2015/32796  |8 0  |0 0  |1 0  |4 0  |d 2015-12-07  |f 1  |l 0  |r 2026-02-23 23:53:58  |w 2026-02-23 
952 |a SNK  |b SNK  |y VYP  |7 0  |p 17A1175894  |o snkSC 167254 D1  |i snk2015/32797  |8 0  |0 0  |1 0  |4 0  |d 2015-12-07  |l 0  |r 2026-02-23 23:53:58  |w 2026-02-23